000 02107nam a2200385 c 4500
003 BLK
005 20240321123144.0
008 180409b bul|||||r ||||||| ||bul||
010 _aKNG00116963000
020 _a978-954-92200-6-3
_bиздат.: Съюз на бълг. композитори
040 _aBLK
041 _aBUL
_cBUL
080 _aМузиколози. Музикални критици. Експерти в музиката
_b78.072
_x(497.2)(092)(063)
_z78.072(497.2)(092)(063)
080 _aБългарски музиколог
_b929 Брашованов, Стоян Костов
_x
_z929 Брашованов, Стоян Костов
700 1 _aЯпова, Кристина Петрова
_eсъстав.
_9375893
700 1 _aВлаева, Иванка Аспарухова
_eсъстав.
_9375894
139 _a[Сто и двадесет] 120 години от рождението на Стоян Брашованов
_bБ 79
245 1 0 _a[Сто и двадесет] 120 години от рождението на Стоян Брашованов
_bСб. статии : Науч. конф., 24 ян. 2009, София
_cсъстав. Кристина Петрова Япова; състав. Иванка Аспарухова Влаева.
257 _aBGR
260 София
_bСъюз на бълг. композитори
_c2010
_fСофия : Вулкан 4
300 _a116 с.
_bил., факс.
_c20 см
380 _a0
500 _aИзд. на Съюз на бълг. композитори. Секция "Музиколози". - Библиогр. под линия.
600 0 _aБрашованов, Стоян Костов
_d1888 - 1956
_gмузиковед
_9376448
650 4 _aМузиколози, български
_9163082
653 _aмузиколози
653 _aмузикознание
653 _aСтоян Брашованов
852 _aЦб 255369
856 4 _qpdf
_u
856 4 _qpdf
_u
942 _cKNG
_n0
944 _aCR
_c12.06.2012
_k30545
_lНора Радева
944 _aED
_c12.11.2012
_k
999 _c111616
_d111616